Оценка агроэкологических ресурсов Крыма для выращивания эфиромасличных и лекарственных растений (Запись № 11949397)

Подробности
000 -МАРКЕР
контрольное поле 01922nam0a2200337 4500
001 - ИДЕНТИФИКАТОР ЗАПИСИ
контрольное поле RU\NLR\BIBL_A\011817921
005 - ИДЕНТИФИКАТОР ВЕРСИИ
контрольное поле 20181019162835.0
010 ## - МЕЖДУНАРОДНЫЙ СТАНДАРТНЫЙ НОМЕР КНИГИ (ISBN)
Номер (ISBN) 978-5-907032-65-1
Тираж 300
021 ## - НОМЕР ГОСУДАРСТВЕННОЙ РЕГИСТРАЦИИ
Код страны Российская Федерация
Номер КН-П-18-066497
Номер Листа государственной регистраци КН-П-18-4795
035 ## - ДРУГИЕ СИСТЕМНЫЕ НОМЕРА
Идентификатор записи (NLR Aleph) 011817921
035 ## - ДРУГИЕ СИСТЕМНЫЕ НОМЕРА
Идентификатор записи (RuMoRGB)009737151
100 ## - ДАННЫЕ ОБЩЕЙ ОБРАБОТКИ
Данные общей обработки 20181011d2018 k y0rusy50 ca
101 0# - ЯЗЫК РЕСУРСА
Язык текста, звукозаписи и т.д. русский
102 ## - СТРАНА ПУБЛИКАЦИИ ИЛИ ПРОИЗВОДСТВА
Страна публикации Российская Федерация
105 ## - ПОЛЕ КОДИРОВАННЫХ ДАННЫХ: ТЕКСТОВЫЕ МАТЕРИАЛЫ, МОНОГРАФИЧЕСКИЕ
Кодированные данные о монографическом текстовом документе ab||z|||000zy
200 1# - ЗАГЛАВИЕ И СВЕДЕНИЯ ОБ ОТВЕТСТВЕННОСТИ
Основное заглавие Оценка агроэкологических ресурсов Крыма для выращивания эфиромасличных и лекарственных растений
Сведения, относящиеся к заглавию [монография]
Первые сведения об ответственности Т.И. Орёл
Последующие сведения об ответственности под общей редакцией доктора сельскохозяйственных наук, члена-корреспондента РАН Ю.В. Плугатаря
-- ФГБУН "Никитский ботанический сад - Национальный научный центр" РАН
210 ## - ПУБЛИКАЦИЯ, РАСПРОСТРАНЕНИЕ И ДР.
Место издания, распространения и т.д. Симферополь
Имя издателя, распространителя и т. д. Ариал
Дата издания, распространения и т.д. 2018
215 ## - ФИЗИЧЕСКАЯ ХАРАКТЕРИСТИКА
Специфическое обозначение материала и объем 91 с.
Другие сведения о физической характеристике ил., цв. ил., карт., табл.
Размеры 21
300 ## - ОБЩИЕ ПРИМЕЧАНИЯ
Текст примечания На 4-й с. обл. авт.: Орёл Т.И., к.с.-х.н.
320 ## - ПРИМЕЧАНИЯ О НАЛИЧИИ В ДОКУМЕНТЕ БИБЛИОГРАФИИ / УКАЗАТЕЛЯ
Текст примечания Библиогр.: с. 88-91 (41 назв.)
606 1# - НАИМЕНОВАНИЕ ТЕМЫ КАК ПРЕДМЕТ
Наименование темы Лекарственные растения
Тематический подзаголовок Культура
-- Агроэкологическая оценка
Географический подзаголовок Крым, Республика
Системный номер авторитетной/нормативной записи 2383832
Идентификатор авторитетной/нормативной записи RU\NLR\AUTH\6601642908
606 1# - НАИМЕНОВАНИЕ ТЕМЫ КАК ПРЕДМЕТ
Наименование темы Эфиромасличные растения
Тематический подзаголовок Культура
-- Агроэкологическая оценка
Географический подзаголовок Крым, Республика
Системный номер авторитетной/нормативной записи 2383837
Идентификатор авторитетной/нормативной записи RU\NLR\AUTH\6601642911
686 1# - ИНДЕКСЫ ДРУГИХ КЛАССИФИКАЦИЙ
Индекс П214.3-4(2Р37-6Крм)
686 1# - ИНДЕКСЫ ДРУГИХ КЛАССИФИКАЦИЙ
Индекс П214.2-4(2Р37-6Крм)
700 #1 - ИМЯ ЛИЦА - ПЕРВИЧНАЯ ОТВЕТСТВЕННОСТЬ
Начальный элемент ввода Орёл
Часть имени, кроме начального элемента ввода Т. И.
Расширение инициалов личного имени Таисия Ивановна
942 ## - ДОПОЛНИТЕЛЬНЫЕ ЭЛЕМЕНТЫ ЗАПИСИ (АБИС)
Тип экземпляра АБИС Книга
980 ## - КОЛЛЕКЦИЯ
Название коллекции НБР
980 ## - КОЛЛЕКЦИЯ
Название коллекции Национальная библиография

Нет доступных экземпляров.